<?xml version="1.0" encoding="UTF-8"?>
<collection xmlns="http://www.loc.gov/MARC21/slim">
 <record>
  <leader>02214nam2a2200301   4500</leader>
  <controlfield tag="001">in00000004919</controlfield>
  <controlfield tag="005">20240428111523.2</controlfield>
  <datafield tag="010" ind1=" " ind2=" ">
   <subfield code="a">978-7-5432-3067-5</subfield>
   <subfield code="d">CNY75.00</subfield>
  </datafield>
  <datafield tag="035" ind1=" " ind2=" ">
   <subfield code="a">01110648</subfield>
  </datafield>
  <datafield tag="100" ind1=" " ind2=" ">
   <subfield code="a">20201022d2020    em y0chiy50      ea</subfield>
  </datafield>
  <datafield tag="101" ind1="1" ind2=" ">
   <subfield code="a">chi</subfield>
   <subfield code="c">heb</subfield>
  </datafield>
  <datafield tag="102" ind1=" " ind2=" ">
   <subfield code="a">CN</subfield>
   <subfield code="b">310000</subfield>
  </datafield>
  <datafield tag="105" ind1=" " ind2=" ">
   <subfield code="a">y   az  000yy</subfield>
  </datafield>
  <datafield tag="106" ind1=" " ind2=" ">
   <subfield code="a">r</subfield>
  </datafield>
  <datafield tag="200" ind1="1" ind2=" ">
   <subfield code="a">有限理性与产业组织</subfield>
   <subfield code="9">you xian li xing yu chan ye zu zhi</subfield>
   <subfield code="d">Bounded rationality and industrial organization</subfield>
   <subfield code="f">(以)兰·斯比克勒(Ran Spiegler)著</subfield>
   <subfield code="g">李娜译</subfield>
   <subfield code="z">eng</subfield>
  </datafield>
  <datafield tag="210" ind1=" " ind2=" ">
   <subfield code="a">上海</subfield>
   <subfield code="c">格致出版社</subfield>
   <subfield code="c">上海三联书店</subfield>
   <subfield code="c">上海人民出版社</subfield>
   <subfield code="d">2020</subfield>
  </datafield>
  <datafield tag="215" ind1=" " ind2=" ">
   <subfield code="a">285页</subfield>
   <subfield code="d">24cm</subfield>
  </datafield>
  <datafield tag="225" ind1="2" ind2=" ">
   <subfield code="a">当代经济学系列丛书</subfield>
  </datafield>
  <datafield tag="314" ind1=" " ind2=" ">
   <subfield code="a">兰·斯比克勒(Ran Spiegler),特拉维夫大学、伦敦大学学院经济学教授,研究领域为微观经济学、有限理性与博弈论,《理论经济学》期刊(Theoretical Economics)编辑,2017年荣获欧洲经济学会Yrjo-Jahnsson奖。</subfield>
  </datafield>
  <datafield tag="320" ind1=" " ind2=" ">
   <subfield code="a">有书目(第275-285页)</subfield>
  </datafield>
  <datafield tag="330" ind1=" " ind2=" ">
   <subfield code="a">本书综合了产业组织理论中的最新进展,并将标准的理性选择模型中缺失的消费者心理涵盖进来,分析了利润最大化的企业与行为偏离了标准的理性选择模型的有限理性消费者互动的三类市场模型,每类市场模型反映消费者有限理性的不同方面,即动态不一致偏好和有关未来偏好的有偏信念、有限的理解价格复杂性的能力、基于偏好的选择。全书共分四部分13章,最后是第一部分的附录。在第1章导论之后,第一部分为预测未来的偏好,包含第2—5章,阐述了动态不一致偏好和没有动态不一致性的有偏信念等。第二部分为对市场复杂性作出反应,包含第6—8章,阐述了价格竞争和产品差异化等。第三部分为偏好依赖性,包含第9—11章,第四部分为讨论,包含第12—13章。</subfield>
  </datafield>
  <datafield tag="461" ind1=" " ind2="0">
   <subfield code="1">2001 </subfield>
   <subfield code="a">当代经济学系列丛书</subfield>
  </datafield>
  <datafield tag="510" ind1="1" ind2=" ">
   <subfield code="a">Bounded rationality and industrial organization</subfield>
   <subfield code="z">eng</subfield>
  </datafield>
  <datafield tag="606" ind1="0" ind2=" ">
   <subfield code="a">市场经济</subfield>
  </datafield>
  <datafield tag="690" ind1=" " ind2=" ">
   <subfield code="a">F014.3</subfield>
   <subfield code="v">5</subfield>
  </datafield>
  <datafield tag="701" ind1=" " ind2="1">
   <subfield code="c">(以)</subfield>
   <subfield code="a">斯比克勒</subfield>
   <subfield code="9">si bi ke le</subfield>
   <subfield code="c">(Spiegler, Ran)</subfield>
   <subfield code="4">著</subfield>
  </datafield>
  <datafield tag="702" ind1=" " ind2="0">
   <subfield code="a">李娜</subfield>
   <subfield code="9">Li Na</subfield>
   <subfield code="4">译</subfield>
  </datafield>
  <datafield tag="999" ind1="f" ind2="f">
   <subfield code="s">83284610-fa13-4b72-bac6-02c894bfcd3f</subfield>
   <subfield code="i">0910a277-51ab-49ac-90c3-73f26b0ccf7c</subfield>
  </datafield>
 </record>
</collection>
